Landscape Policy Framework For Conservinmg And Enhancing Public Park Values In Pune (Record no. 362075)

MARC details
000 -LEADER
fixed length control field 00331nam a2200097Ia 4500
008 - FIXED-LENGTH DATA ELEMENTS--GENERAL INFORMATION
fixed length control field 241105s9999 xx 000 0 und d
041 ## - LANGUAGE CODE
Language code of text/sound track or separate title eng
100 ## - MAIN ENTRY--PERSONAL NAME
Personal name Pitale Deepal
9 (RLIN) 181647
245 ## - TITLE STATEMENT
Title Landscape Policy Framework For Conservinmg And Enhancing Public Park Values In Pune
260 ## - PUBLICATION, DISTRIBUTION, ETC. (IMPRINT)
Name of publisher, distributor, etc. BNCA M Arch Landscape Architecture
Place of publication, distribution, etc. Pune
Date of publication, distribution, etc. 2023

No items available.